Data communications and computer networks : (Record no. 7080)
[ view plain ]
| 000 -LEADER | |
|---|---|
| fixed length control field | 01158cam a22002054a 4500 |
| 020 ## - INTERNATIONAL STANDARD BOOK NUMBER | |
| ISBN | 9781423903031 |
| 020 ## - INTERNATIONAL STANDARD BOOK NUMBER | |
| ISBN | 142390303X |
| 050 00 - CALL NUMBER | |
| Classification number | TK5105.5 |
| Item number | .W467 |
| 100 1# - AUTHOR | |
| Personal name | White, Curt M. |
| 245 10 - TITLE | |
| Title | Data communications and computer networks : |
| Remainder of title | a business user's approach / |
| Statement of responsibility, etc | Curt M. White. |
| 250 ## - EDITION | |
| Edition statement | 5th ed. |
| 260 ## - PUBLICATION INFORMATION | |
| Place of publication | Australia ; |
| -- | United States : |
| Name of publisher | Thomson Course Technology, |
| Year of publication | c2009. |
| 300 ## - DESCRIPTION | |
| Number of Pages | xxi, 506 p. : |
| Other physical details | ill. ; |
| Dimensions | 29 cm. |
| 500 ## - NOTES | |
| General note | Includes index. |
| 505 ## - FORMATTED CONTENTS NOTE | |
| Table of Content | Introduction to computer networks and data communications --<br/>Fundamentals of data and signals --<br/>Conducted and wireless media --<br/>Making connections --<br/>Making connections efficient : multiplexing and compression --<br/>Errors, error detection, and error control --<br/>Local area networks : the basics --<br/>Local area networks : software and support systems --<br/>Introduction to metropolitan area networks and wide area networks --<br/>The internet --<br/>Voice and data delivery networks --<br/>Network security --<br/>Network design and management. |
| 650 #0 - SUBJECTS | |
| Topical Term | Computer networks. |
| 650 #0 - SUBJECTS | |
| Topical Term | OSI (Computer network standard) |
| 650 #0 - SUBJECTS | |
| Topical Term | Data transmission systems. |
| 942 ## - ADDED ENTRY ELEMENTS (KOHA) | |
| Koha item type | Books |
| Withdrawn status | Lost status | Collection code | Home library | Current library | Shelving location | Date acquired | Full call number | Accession Number | Koha item type |
|---|---|---|---|---|---|---|---|---|---|
| Reference | Methodist University Library Main | Methodist University Library Main | General Stacks | TK5105.5 .W467 | 36967 | Books | |||
| Reference | Methodist University Library Main | Methodist University Library Main | General Stacks | TK5105.5 .W467 | 23796 | Books | |||
| Methodist University Library Main | Methodist University Library Main | General Stacks | TK5105.5 .W467 | 24664 | Books |